Narciso y goldmundo / Hermann Hesse; Luis Tobío, Traductor (Registro nro. 40346)
[ vista simple ]
| 000 -LÍDER | |
|---|---|
| Campo fijo de descripción fija | 003920000a22001450004500 |
| 041 0# - CÓDIGO DE IDIOMA | |
| Código de idioma para texto/pista de sonido o título separado | |
| 082 04 - NÚMERO DE CLASIFICACIÓN DECIMAL DEWEY | |
| Número de clasificación | G 833 H5871n |
| 001 - NÚMERO DE CONTROL | |
| Campo de control | 10961 |
| 100 1# - ASIENTO PRINCIPAL--NOMBRE PERSONAL | |
| Nombre personal | Hesse, Hermann (1875- ) |
| 245 10 - TÍTULO | |
| Título del Material | Narciso y goldmundo / Hermann Hesse; Luis Tobío, Traductor |
| 260 ## - PUBLICACIÓN, DISTRIBUCIÓN, ETC. (PIE DE IMPRENTA) | |
| Lugar de publicación, distribución, etc. | Buenos Aires, Argentina : Sudamericana |
| 300 ## - DESCRIPCIÓN FÍSICA | |
| Extensión | 411 Pag |
| 500 ## - NOTA GENERAL | |
| Nota General | Título original : Narziss und goldmund |
| 942 ## - TIPO DE MATERIAL (KOHA) | |
| Tipo de Item KOHA | Libros General |
| Estado de Material | Estado de Perdido | Estado de Dañado | No para Préstamo | Colección | Tomo | Biblioteca de Origen | Biblioteca Permanente | Fecha de Adquisición | Total de Préstamos | Signatura Topográfica | Código de Barras | Última vez visto | Ejemplar/Existencia | Fecha de Remplazo | Tipo de Material |
|---|---|---|---|---|---|---|---|---|---|---|---|---|---|---|---|
| Colección General | Biblioteca FUSBC | Biblioteca FUSBC | 25/01/2005 | G 833 H5871n | 10144 | 12/12/2019 | 1 | 26/01/2016 | Libros General |
